Top 10 Fbs teams with most National titiles(alll Time) - Statistics

General Stats
  • This quiz has been taken 42 times
  • The average score is 8 of 10
Answer Stats
Conf Answer % Correct
Big 10 Michigan
97%
Big 10 Ohio State
94%
SEC Alabama
91%
Ivy Harvard
88%
Independent Notre Dame
81%
Ivy Yale
81%
Ivy Princeton
66%
Big 10 Minnesota
59%
SEC Oklahoma
53%
Big 10 USC
50%
No matching quizzes found
Score Distribution
Percent of People with Each Score
Percentile by Number Answered
Your Score History
You have not taken this quiz